| 000 | 00760nam a2200265 a 4500 | ||
|---|---|---|---|
| 003 | AR-BaBNM | ||
| 005 | 20251128205905.0 | ||
| 008 | 082120s2002 ||||||||||||||000 | spa|| | ||
| 020 | _a950-9310-00-X | ||
| 040 | _cAR-BaBNM | ||
| 100 | 1 | _aSerrano Pérez, Manuel | |
| 245 | 0 | 0 | _aRazón de ausencias y presencias en poesía argentina contemporánea |
| 260 |
_aCórdoba _bFundación Casa de la Cultura de Córdoba _c1983 |
||
| 300 | _a28 p. | ||
| 490 | 0 | _aTertulias del salón literario | |
| 650 | 4 | _aLITERATURA ARGENTINA | |
| 650 | 4 | _aCRITICA LITERARIA | |
| 650 | 4 | _aPOESIA | |
| 650 | 4 | _aESCRITORES | |
| 650 | 4 | _aLITERATURA CONTEMPORANEA | |
| 655 | _aLITERATURA | ||
| 700 | 1 |
_aCocca, Aldo Armando _eprologuista |
|
| 942 | _cBK | ||
| 998 | _cMARTIN | ||
| 999 |
_c13176 _d13176 |
||